गुजरात :हादसे की हकीक़त / (Record no. 121753)
[ view plain ]
| 000 -LEADER | |
|---|---|
| fixed length control field | 01281nam a22002897a 4500 |
| 003 - CONTROL NUMBER IDENTIFIER | |
| control field | dpl |
| 005 - DATE AND TIME OF LATEST TRANSACTION | |
| control field | 20191001113823.0 |
| 008 - FIXED-LENGTH DATA ELEMENTS--GENERAL INFORMATION | |
| fixed length control field | 191001b ||||| |||| 00| 0 eng d |
| 010 ## - LIBRARY OF CONGRESS CONTROL NUMBER | |
| LC control number | B-137929 |
| 020 ## - INTERNATIONAL STANDARD BOOK NUMBER | |
| Terms of availability | 425.00 |
| International Standard Book Number | 8181432630 |
| 035 ## - SYSTEM CONTROL NUMBER | |
| System control number | B-137929 |
| 037 ## - SOURCE OF ACQUISITION | |
| Source of stock number/acquisition | Cen Lib/Ret |
| 040 ## - CATALOGING SOURCE | |
| Original cataloging agency | DPL |
| Language of cataloging | HN |
| Transcribing agency | DPL |
| 082 ## - DEWEY DECIMAL CLASSIFICATION NUMBER | |
| Classification number | 303.6 |
| Item number | गुजरा |
| 245 ## - TITLE STATEMENT | |
| Title | गुजरात :हादसे की हकीक़त / |
| Statement of responsibility, etc | सिद्धार्थ वरदराजन द्वारा संपादित |
| 260 ## - PUBLICATION, DISTRIBUTION, ETC. (IMPRINT) | |
| Place of publication, distribution, etc | नयी दिल्ली |
| Name of publisher, distributor, etc | वाणी प्रकाशन |
| Date of publication, distribution, etc | 2005 |
| 270 ## - ADDRESS | |
| Address | 21-ए, दरियागंज |
| City | नयी दिल्ली |
| Postal code | 110002 |
| 300 ## - PHYSICAL DESCRIPTION | |
| Extent | 413पृ. |
| Dimensions | 20सेमी(सजिल्द ) |
| 650 ## - SUBJECT ADDED ENTRY--TOPICAL TERM | |
| Topical term or geographic name as entry element | गुजरात -- आदिवासी और दलित |
| General subdivision | |
| Geographic subdivision | |
| 9 (RLIN) | 100695 |
| 650 ## - SUBJECT ADDED ENTRY--TOPICAL TERM | |
| Topical term or geographic name as entry element | गुजरात -- हिंसा |
| 9 (RLIN) | 100696 |
| 650 ## - SUBJECT ADDED ENTRY--TOPICAL TERM | |
| Topical term or geographic name as entry element | Gujarat - tribal and Dalit |
| Form subdivision | |
| 9 (RLIN) | 100697 |
| 650 ## - SUBJECT ADDED ENTRY--TOPICAL TERM | |
| Topical term or geographic name as entry element | Gujarat - violence |
| 9 (RLIN) | 100698 |
| 700 ## - ADDED ENTRY--PERSONAL NAME | |
| Personal name | वरदराजन, सिद्धार्थ |
| 9 (RLIN) | 44529 |
| 700 ## - ADDED ENTRY--PERSONAL NAME | |
| Personal name | मोहम्मद वकास |
| 9 (RLIN) | 100699 |
| 700 ## - ADDED ENTRY--PERSONAL NAME | |
| Personal name | जितेन्द्र कुमार |
| 9 (RLIN) | 100702 |
| 942 ## - ADDED ENTRY ELEMENTS (KOHA) | |
| Source of classification or shelving scheme | Dewey Decimal Classification |
| Koha item type | Hindi Books |
| Classification part | 303.6 |
| Call number suffix | गुजरा |
| Withdrawn status | Lost status | Source of classification or shelving scheme | Damaged status | Not for loan | Home library | Current library | Date acquired | Source of acquisition | Cost, normal purchase price | Total Checkouts | Full call number | Barcode | Date last seen | Date checked out | Copy number | Cost, replacement price | Price effective from | Koha item type |
|---|---|---|---|---|---|---|---|---|---|---|---|---|---|---|---|---|---|---|
| Dewey Decimal Classification | Central Library | Central Library | 13/10/2015 | Cen Lib/Ret | 425.00 | 2 | 303.6 गुजरा | B-137929 | 21/05/2018 | 03/05/2018 | 1 | 425.00 | 13/10/2015 | Hindi Books |
